| 000 | 00866nam a22002417a 4500 | ||
|---|---|---|---|
| 999 |
_c12831 _d12831 |
||
| 003 | AR-CdUCM | ||
| 008 | 190410b ||||| |||| 00| 0 spa d | ||
| 040 |
_aMUNICIPALIDAD PROVINCIAL DEL CUSCO _cBIBLIOTECA MUNICIPAL DEL CUSCO |
||
| 082 |
_a869.56 / _bG92 / 1933 |
||
| 100 |
_aGuillen, Alberto _911051 |
||
| 245 |
_aLeyendas Patria : _bpoema sinfónico en tres tiempos y un preludio de César A. Rodríguez / |
||
| 260 |
_aArequipa : _bTip. de Santiago Quiroz, _c1933. |
||
| 300 |
_a103 páginas ; _bilustraciones, _c11 cm. |
||
| 440 |
_aEx Libris. _930916 |
||
| 500 | _aPoemas sinfónico en tres tiempos y un preludio de Cesar A. Rodriguez. | ||
| 505 | _aContenido: Poemas. | ||
| 650 |
_aPoesías peruanas _91481 |
||
| 650 |
_aLeyendas _92226 |
||
| 650 |
_aSiglo XX _98 |
||
| 700 |
_aCésar Augusto _930917 |
||
| 942 |
_2ddc _cLIBROS |
||
| 945 |
_aachl _d2019-04-10 |
||